• 首页
  • 本馆介绍
  • 公告通知
  • 最新文献
  • 馆藏检索
  • 电子资源
  • 读者导购
  • 参考咨询
  • 我的图书馆
  • 登录
  • 详细信息显示
  • 放入我的书架
  • 预约/预借图书
  • 作者相关作品
  • 分类相关作品
  • 丛书相关作品
  • 出版社相关作品

书目信息

  • 表格格式
  • 工作单格式
  • 卡片格式
题名:
文艺复兴欧洲艺术
    
 
作者: ;严摩罕 , 姚岳山 , 平野 译 ;苏联艺术科学院美术理论与美术史研究所 编
分册: 上  
出版信息: 北京   人民美术出版社  1985
页数: 384页
开本: 20cm
丛书名:
单 册:
中图分类: J110.93
科图分类:
主题词: 文艺复兴-艺术史--欧洲 , 艺术史-文艺复兴--欧洲 , 艺术--世界 , 美术--世界
电子资源:
ISBN:
000 00993nam0 2200313 45
001 0185007799
005 20040513081424.8
010    @dCNY5.45
091    @a8027.8851
100    @a19930901g1985 em y0chiy0121 ea
101 1  @achi@crus
102    @aCN@b110000
105    @aa z 000yy
106    @ar
200 10 @a文艺复兴欧洲艺术@Awen yi fu xing ou zhou yi shu@h上@f苏联艺术科学院美术理论与美术史研究所编@g严摩罕等译
210    @a北京@c人民美术出版社@d1985
215    @a384页@c图@d20cm
606    @a文艺复兴-艺术史@y欧洲
606    @a艺术史-文艺复兴@y欧洲
606 0  @a艺术@x世界
606 0  @a美术@x世界
690    @aJ110.93@v3
702  0 @a严摩罕@Ayan mo han@4译
702  0 @a姚岳山@Ayao yue shan@4译
702  0 @a平野@Aping ye@4译
711 02 @a苏联艺术科学院美术理论与美术史研究所@Asu lian yi shu ke xue yuan mei shu li lun yu mei shu shi yan jiu suo@4编
801  0 @aCN@b深圳图书馆@c20040513
801  2 @aCN@bNLC@c20040513
905    @dJ110.93@e8:1@f2@b148715-716
    
    文艺复兴欧洲艺术.上/苏联艺术科学院美术理论与美术史研究所编/严摩罕等译.-北京:人民美术出版社,1985
    384页:图;20cm
    
    
    ISBN :CNY5.45
    
●
相关链接 在E读中查询图书 在五车中查询图书 在当当中查询图书 在豆瓣中查询图书


正题名:文艺复兴欧洲艺术     索取号:J110.93/8:1         预约/预借

序号 登录号 条形码 馆藏地/架位号 状态 备注
1 0148715   001239715   第一借阅区/ [索取号:J110.93/8:1] 在馆    
2 0148716   001239662   密集书库/ [索取号:J110.93/8:1] 在馆    
3 0148717   202118500   第一样本阅览室/ [索取号:J110.93/8:1] 在馆    
唐山师范学院图书馆 欢迎您!
大连网信软件有限公司© 版权所有